|
|
|
|
| LEADER |
00000ny a22000003n 4500 |
| 005 |
20110516143857.0 |
| 008 |
930709c19939999nyu p s 0 0 eng d |
| 035 |
|
|
|a 5223
|
| 040 |
|
|
|a UCA
|d vLex
|
| 090 |
|
|
|c 1986
|d 1986
|
| 245 |
0 |
0 |
|a Emerging markets weekly
|h [Recurso electrn̤ico]
|
| 256 |
|
|
|a Servicio en ln̕ea
|
| 260 |
|
|
|a New York :
|b Institutional Investor
|
| 310 |
|
|
|a Semanal
|
| 500 |
|
|
|a "A publication of Institutional Investor."
|
| 650 |
0 |
4 |
|a Inversiones
|z Pas̕es en va̕s de desarrollo
|x Publicaciones perid̤icas
|
| 650 |
0 |
4 |
|a Mercado financiero
|z Pas̕es en va̕s de desarrollo
|x Publicaciones perid̤icas
|
| 650 |
0 |
4 |
|a Valores mobiliarios
|z Pas̕es en va̕s de desarrollo
|x Publicaciones perid̤icas
|
| 740 |
0 |
|
|a vLex Revista (Servicios en ln̕ea)
|
| 843 |
|
|
|a Electrn̤ica. Abierta
|
| 853 |
|
|
|8 1
|i (year)
|j (month)
|k (day)
|
| 856 |
4 |
0 |
|z Acceso restringido
|u http://vlex.com/account/login_ip?fuente_id=5223
|
| 942 |
|
|
|c REV
|
| 990 |
0 |
0 |
|a Capital market
|
| 990 |
0 |
0 |
|a Investments
|
| 990 |
0 |
0 |
|a Securities
|